Fr. Conceicao Rodrigues College of Engineering

Stay hungry stay foolish (Record no. 33507)

MARC details
000 -LEADER
fixed length control field 00300nam a2200145Ia 4500
082 ## - DEWEY DECIMAL CLASSIFICATION NUMBER
Classification number 658
Item number BAN
100 ## - MAIN ENTRY--PERSONAL NAME
Personal name Bansal/Rashmi
245 ## - TITLE STATEMENT
Title Stay hungry stay foolish
260 ## - PUBLICATION, DISTRIBUTION, ETC.
Name of publisher, distributor, etc. IIM Ahmedabad
Date of publication, distribution, etc. 2008
366 ## - TRADE AVAILABILITY INFORMATION
Publishers's discount category 25
300 ## - PHYSICAL DESCRIPTION
Extent 325
546 ## - LANGUAGE NOTE
Language note ENGLISH
-- production
942 ## - ADDED ENTRY ELEMENTS (KOHA)
Koha item type BOOK
Holdings
Withdrawn status Lost status Damaged status Not for loan Collection Home library Current library Date acquired Source of acquisition Cost, normal purchase price Inventory number Total Checkouts Full call number Barcode Date last seen Cost, replacement price Price effective from Koha item type
        CRC Fr. Agnel's C.Rodrigues College of Engineering Fr. Agnel's C.Rodrigues College of Engineering 17/03/2023 Dharma Enterprises 93.75 524 dt 29/04/2010   658 BAN 20530 17/03/2023 125.00   BOOK